| 000 | 00616cam a2200205 a 4500 | ||
|---|---|---|---|
| 001 | 000018234 | ||
| 005 | 20200929165420.0 | ||
| 008 | 760616s1976 quc 000 f fre d | ||
| 020 | _a077770126X | ||
| 040 |
_aDO-SdBNP _cDLC _dDLC _dBNPHU |
||
| 082 |
_a843.54 _bB535e |
||
| 100 | 1 |
_aBersianik, Louky, _d1930- _939484 |
|
| 245 | 1 | 2 |
_aL'Euguélionne : _broman triptyque / _cLouky Bersianik. |
| 260 |
_aMontréal : _bLa Presse Ltée, _c1976. |
||
| 300 |
_a399 p. ; _c23 cm. |
||
| 650 | 4 |
_aNovela canadiense _97990 |
|
| 650 | 4 |
_aLiteratura canadiense _ySIGLO XX _97991 |
|
| 910 | _aCatalogación derivada | ||
| 049 | _aBNGR | ||
| 999 |
_c17755 _d17755 |
||